| 000 | 00962cam a2200301 4500 | ||
|---|---|---|---|
| 001 | 3619731 | ||
| 003 | ARRUPE | ||
| 005 | 20220517094322.0 | ||
| 008 | 740114s1973 enkb b 001 0beng | ||
| 010 | _a 73180510 | ||
| 015 | _aGB*** | ||
| 020 |
_a0713905115 _a0713905123 (pbk.) |
||
| 040 |
_aDLC _cDLC _dDLC |
||
| 043 | _af-gh--- | ||
| 050 | 0 | 0 |
_aDT512.3.N57 _bD38 1973 |
| 082 | 0 | 0 |
_a966.7/05/0924 _aB |
| 100 | 1 |
_aDavidson, Basil, _d1914-2010. _930545 |
|
| 245 | 1 | 0 |
_aBlack star; _ba view of the life and times of Kwame Nkrumah. _cBasil Davidson |
| 260 |
_aLondon, _bAllen Lane _c[1973] |
||
| 300 |
_a225 p. _bmap. _c20 cm. |
||
| 350 | _a£2.50 | ||
| 504 | _aIncludes bibliographical references and index. | ||
| 600 | 1 | 0 |
_aNkrumah, Kwame, _d1909-1972. |
| 650 | 0 |
_aPresidents _zGhana _xBiography. _932229 |
|
| 651 | 0 |
_aGhana _xPolitics and government _y1957-1979. _923604 |
|
| 906 |
_a7 _bcbc _corignew _d3 _encip _f19 _gy-gencatlg |
||
| 942 |
_2lcc _cMONOGRAPH |
||
| 999 |
_c131435 _d131435 |
||